सत्य की खोज / (Record no. 120956)

MARC details
000 -LEADER
fixed length control field 00987nam a22002657a 4500
005 - DATE AND TIME OF LATEST TRANSACTION
control field 20170124103205.0
010 ## - LIBRARY OF CONGRESS CONTROL NUMBER
LC control number B-074673
020 ## - INTERNATIONAL STANDARD BOOK NUMBER
Terms of availability 61.00
International Standard Book Number 8179330443
035 ## - SYSTEM CONTROL NUMBER
System control number B-074673
037 ## - SOURCE OF ACQUISITION
Source of stock number/acquisition Cen Lib/Ret
040 ## - CATALOGING SOURCE
Original cataloging agency DPL
Language of cataloging HN
082 ## - DEWEY DECIMAL CLASSIFICATION NUMBER
Classification number 181.499
Item number ओशोस
100 ## - MAIN ENTRY--PERSONAL NAME
Personal name ओशो
9 (RLIN) 93571
245 ## - TITLE STATEMENT
Title सत्य की खोज /
Statement of responsibility, etc ओशो
246 ## - VARYING FORM OF TITLE
Title proper/short title Satya ki khoj /
Remainder of title by Osho
260 ## - PUBLICATION, DISTRIBUTION, ETC. (IMPRINT)
Place of publication, distribution, etc मेरठ
Name of publisher, distributor, etc डायनेमिक पब्लिकेशन्स
Date of publication, distribution, etc 2002
270 ## - ADDRESS
Address 11, शिवाजी मार्ग
City मेरठ
300 ## - PHYSICAL DESCRIPTION
Extent 123पृ.
Dimensions 21सेमी(सजिल्द)
490 ## - SERIES STATEMENT
Series statement डायनेमिक स्पिरिचुअल लाइफ सिरीज़
650 ## - SUBJECT ADDED ENTRY--TOPICAL TERM
Topical term or geographic name as entry element हिंदी साहित्य
9 (RLIN) 93572
650 ## - SUBJECT ADDED ENTRY--TOPICAL TERM
Topical term or geographic name as entry element सत्य की राह
9 (RLIN) 45102
650 ## - SUBJECT ADDED ENTRY--TOPICAL TERM
Topical term or geographic name as entry element Hindi literature
9 (RLIN) 93573
650 ## - SUBJECT ADDED ENTRY--TOPICAL TERM
Topical term or geographic name as entry element True path
9 (RLIN) 93574
942 ## - ADDED ENTRY ELEMENTS (KOHA)
Source of classification or shelving scheme Dewey Decimal Classification
Koha item type Hindi Books
Classification part 181.499
Call number suffix ओशोस
Holdings
Withdrawn status Lost status Damaged status Not for loan Home library Current library Date acquired Source of acquisition Cost, normal purchase price Total Checkouts Total Renewals Full call number Barcode Date last seen Date checked out Copy number Cost, replacement price Price effective from Koha item type
        Central Library Central Library 29/09/2015 Cen Lib/Ret 61.00 10 3 181.499 ओशोस B-074673 19/02/2025 12/02/2025 1 61.00 29/09/2015 Hindi Books

© Delhi Public Library
Hit Counter
free hit counter